| 000 -LEADER |
| fixed length control field |
01395pam a2200265 a 4500 |
| 020 ## - INTERNATIONAL STANDARD BOOK NUMBER |
| International Standard Book Number |
087262983X |
| 082 00 - DEWEY DECIMAL CLASSIFICATION NUMBER |
| Classification number |
624.18341 |
| Author Mark |
FIN |
| -- |
L-39, P-190 |
| 245 00 - TITLE STATEMENT |
| Title |
Finite element analysis of reinforced concrete structures II : |
| Remainder of title |
proceedings of the international workshop / |
| Statement of responsibility, etc. |
sponsored by the National Science Foundation [and] Defense Nuclear Agency [and] U.S. Army Corps of Engineers [and] Waterways Experiment Station ; hosted and organized by Christian Meyer, Columbia University, New York, New York, June 2-5, 1991 ; edited by J. Isenberg. |
| 260 ## - PUBLICATION, DISTRIBUTION, ETC. |
| Place of publication, distribution, etc. |
New York, NY : |
| Name of publisher, distributor, etc. |
American Society of Civil Engineers, |
| Date of publication, distribution, etc. |
1993. |
| 300 ## - PHYSICAL DESCRIPTION |
| Extent |
717 p. : |
| Other physical details |
ill. ; |
| Dimensions |
22 cm. |
| 500 ## - GENERAL NOTE |
| General note |
"Approved for publication by the Structural Division of the American Society of Civil Engineers." |
| 505 0# - FORMATTED CONTENTS NOTE |
| Formatted contents note |
Includes bibliographical references and index. |
| 526 ## - STUDY PROGRAM INFORMATION NOTE |
| Program name |
0 |
| Interest level |
0 |
| Reading level |
0 |
| Title point value |
624_183410000000000_FIN |
| 650 #0 - SUBJECT ADDED ENTRY--TOPICAL TERM |
| Topical term or geographic name entry element |
Finite element method |
| General subdivision |
Congresses. |
| 9 (RLIN) |
43210 |
| 650 #0 - SUBJECT ADDED ENTRY--TOPICAL TERM |
| Topical term or geographic name entry element |
MCE |
| 9 (RLIN) |
379 |
| 650 #0 - SUBJECT ADDED ENTRY--TOPICAL TERM |
| Topical term or geographic name entry element |
Reinforced concrete construction |
| General subdivision |
Congresses. |
| 9 (RLIN) |
41059 |
| 700 1# - ADDED ENTRY--PERSONAL NAME |
| Personal name |
Isenberg, Jeremy. |
| 9 (RLIN) |
43211 |
| 700 1# - ADDED ENTRY--PERSONAL NAME |
| Personal name |
Meyer, Christian, |
| 9 (RLIN) |
43212 |
| 710 1# - ADDED ENTRY--CORPORATE NAME |
| Corporate name or jurisdiction name as entry element |
United States. |
| 9 (RLIN) |
21185 |
| 710 2# - ADDED ENTRY--CORPORATE NAME |
| Corporate name or jurisdiction name as entry element |
ACI-ASCE Committee 447. |
| 9 (RLIN) |
43213 |
| 710 2# - ADDED ENTRY--CORPORATE NAME |
| Corporate name or jurisdiction name as entry element |
American Society of Civil Engineers. |
| 9 (RLIN) |
702 |
| 710 2# - ADDED ENTRY--CORPORATE NAME |
| Corporate name or jurisdiction name as entry element |
National Science Foundation (U.S.) |
| 9 (RLIN) |
19656 |
| 710 2# - ADDED ENTRY--CORPORATE NAME |
| Corporate name or jurisdiction name as entry element |
U.S. Army Engineer Waterways Experiment Station. |
| 9 (RLIN) |
43214 |
| 942 ## - ADDED ENTRY ELEMENTS (KOHA) |
| Source of classification or shelving scheme |
|
| Koha item type |
Book |